Mysore: village survey monographs, Yerdona village, Gangavati taluk, Raichur district (Record no. 483969)

000 -LEADER
fixed length control field 00440cam a22001217a 4500
008 - FIXED-LENGTH DATA ELEMENTS--GENERAL INFORMATION
fixed length control field 180718b1966 xxu||||| |||| 00| 0 eng d
082 ## - DEWEY DECIMAL CLASSIFICATION NUMBER
Classification number A81x54 In2/61/11/Pt6/10
100 ## - MAIN ENTRY--PERSONAL NAME
Personal name Census of India 1961
245 ## - TITLE STATEMENT
Title Mysore: village survey monographs, Yerdona village, Gangavati taluk, Raichur district
260 ## - PUBLICATION, DISTRIBUTION, ETC.
Place of publication, distribution, etc. Delhi
Name of publisher, distributor, etc. The Manager of Publications
Date of publication, distribution, etc. 1966
300 ## - PHYSICAL DESCRIPTION
Extent 96+p.
440 ## - SERIES STATEMENT/ADDED ENTRY--TITLE
Title Census of India 1961. Volume XI, Mysore. Part VI. No. 10
Holdings
Withdrawn status Lost status Damaged status Not for loan Permanent Location Current Location Date acquired Full call number Barcode Date last seen Price effective from Koha item type
        Indian Institute of Public Administration Indian Institute of Public Administration 2018-08-04 A81x54 In2/61/11/Pt6/10 G7758 2018-08-04 2018-08-04 G

Powered by Koha